000 00610nam a2200253Ia 4500
005 20260121160925.0
008 008 260114s9999 xx 000 0 eng d
020 _a9781315797373
037 _aEBOOK
040 _aCRL
040 _beng
040 _cCRL
041 _2eng
041 _aeng
084 _qCRL
100 _a Xinghua Li
_91038003
245 0 _aEnvironmental Advertising in China and the USA
260 _bTaylor and Francis
260 _c2016
856 _uhttp://www.taylorfrancis.com/books/9781315797373
942 _cEBOOK
999 _c1604819
_d1604819